High school english grammar and composition (Record no. 352369)
[ view plain ]
| 000 -LEADER | |
|---|---|
| fixed length control field | 00449nam a22001337a 4500 |
| 020 ## - INTERNATIONAL STANDARD BOOK NUMBER | |
| International Standard Book Number | 8121900093 |
| 082 ## - DEWEY DECIMAL CLASSIFICATION NUMBER | |
| Classification number | 425 |
| 100 ## - MAIN ENTRY--PERSONAL NAME | |
| Personal name | Wren and Martin |
| 245 ## - TITLE STATEMENT | |
| Title | High school english grammar and composition |
| 260 ## - PUBLICATION, DISTRIBUTION, ETC. | |
| Place of publication, distribution, etc. | New Delhi |
| Name of publisher, distributor, etc. | S.Chand and co |
| Date of publication, distribution, etc. | 2006 |
| 300 ## - PHYSICAL DESCRIPTION | |
| Extent | 376p |
| 942 ## - ADDED ENTRY ELEMENTS (KOHA) | |
| Koha item type | Book |
| Withdrawn status | Lost status | Source of classification or shelving scheme | Damaged status | Not for loan | Permanent Location | Current Location | Date acquired | Total Checkouts | Full call number | Barcode | Date last seen | Date last checked out | Copy number | Cost, replacement price | Price effective from | Koha item type | Total Renewals |
|---|---|---|---|---|---|---|---|---|---|---|---|---|---|---|---|---|---|
| School of Art Design and Architecture (SADA) | School of Art Design and Architecture (SADA) | 11/29/2010 | 1 | 420 WRE 1995 | SADA0000445 | 09/13/2011 | 08/17/2011 | 02 | 294.00 | 08/05/2011 | Book | ||||||
| School of Art Design and Architecture (SADA) | School of Art Design and Architecture (SADA) | 11/29/2010 | 1 | 420 WRE 1995 | SADA0000444 | 09/13/2011 | 08/17/2011 | 01 | 294.00 | 08/05/2011 | Book | 1 |
